Obálka
Pro půjčování e-knih musíte být přihlášeni.
Jak si půjčit online?

České pověsti pro malé děti /

Uloženo v:
Hlavní autor: Drijverová, Martina, 1951-2022 (Autor)
Další autoři: Goldflam, Arnošt, 1946- (Autor)
Médium: E-audiokniha
Jazyk:Czech
Vydáno: Praha : Edika, [2016]
Vydání:Nezkrácená audiokniha
Témata:
Tagy:
Žádné tagy
LEADER 03016nim a2200793 i 4500
001 313108
003 CZ PrSKC
005 20260601215735.0
007 sd fungnnmmned
008 161011t20162016xr nnnnj h n cze
015 |a cnb002840338 
024 3 |a 8594050422438 
040 |a ABA001  |b cze  |e rda 
043 |a e-xr--- 
072 7 |a 821.162.3-3  |x Česká próza  |2 Konspekt 
072 7 |a 821-93  |x Literatura pro děti a mládež (beletrie)  |2 Konspekt 
080 |a 821.162.3-34  |2 MRF 
080 |a 94(437.3)  |2 MRF 
080 |a (0:82-34)  |2 MRF 
080 |a (086.7.053.2)  |2 MRF 
080 |a (086.7)08  |2 MRF 
080 |a (086.76)  |2 MRF 
100 1 |a Drijverová, Martina,  |d 1951-2022  |7 jk01023067  |4 aut 
245 1 0 |a České pověsti pro malé děti /  |c Martina Drijverová 
250 |a Nezkrácená audiokniha 
264 1 |a Praha :  |b Edika,  |c [2016] 
264 4 |c ©2016 
300 |a 1 audiodisk (1 hod., 15 min.) ;  |c 12 cm 
306 |a 011500 
336 |a mluvené slovo  |b spw  |2 rdacontent 
337 |a audio  |b s  |2 rdamedia 
338 |a audiodisk  |b sd  |2 rdacarrier 
344 |a digital  |b optical  |2 rda 
347 |a audio soubor  |b MP3  |2 rda 
500 |a Název z disku 
500 |a Copyright Albatros Media 
511 0 |a Čte Arnošt Goldflam 
518 |a Nahráno v březnu 2015 v Brně ve Studiu 22 
651 7 |a Česko  |7 ge128065  |x dějiny  |2 czenas 
655 7 |a české pověsti  |7 fd201456  |2 czenas 
655 7 |a zvukové záznamy pro děti a mládež  |7 fd186726  |2 czenas 
655 7 |a audioknihy  |7 fd119452  |2 czenas 
655 7 |a kompaktní disky  |7 fd201991  |2 czenas 
700 1 |a Goldflam, Arnošt,  |d 1946-  |7 jn19990216051  |4 nrt 
900 |a ABA001  |b 18 
044 |a xr 
505 0 0 |t Praotec Čech (4 min., 29 sek.) 
505 0 0 |t Silný Bivoj (4 min., 22 sek.) 
505 0 0 |t Libuše a Přemysl (4 min., 45 sek.) 
505 0 0 |t Bruncvík (5 min., 40 sek.) 
505 0 0 |t Kral Jecminek (5 min., 2 sek.) 
505 0 0 |t Karlův most (4 min., 43 sek.) 
505 0 0 |t Kouzelník Žito (5 min., 0 sek.) 
505 0 0 |t Blaničtí rytíři (5 min., 13 sek.) 
505 0 0 |t Dalibor (5 min., 56 sek.) 
505 0 0 |t Faustuv dum (4 min., 50 sek.) 
505 0 0 |t Dívčí válka (5 min., 37 sek.) 
505 0 0 |t Synové Svatoplukovi (5 min., 1 sek.) 
505 0 0 |t Svaty Vaclav (5 min., 36 sek.) 
505 0 0 |t Horymir (4 min., 47 sek.) 
505 0 0 |t Oldrich a Bozena (5 min., 12 sek.) 
505 0 0 |t Bretislav a Jitka (5 min., 0 sek.) 
505 0 0 |t Tatarska princezna (5 min., 25 sek.) 
505 0 0 |t Založení Nového Města pra� (5 min., 29 sek.) 
505 0 0 |t Staromestky orloj (5 min., 42 sek.) 
505 0 0 |t Golem (5 min., 28 sek.) 
910 |a RBIT002 
998 |d 357258  |a https://core.palmknihy.cz/api/books/357258/cover?sia8tl  |b https://core.palmknihy.cz/api/books/357258/cover/400?sia8tl  |c https://core.palmknihy.cz/api/books/357258/cover/50?sia8tl  |e 2050-12-31  |i 8594050422438  |l 6240  |q 49  |r 1  |s https://www.palmknihy.cz/kniha/357258  |t audiobook  |y 2016  |z 0 
999 |d 313106